书目信息 |
| 题名: |
信息论与编码基础
|
|
| 作者: | 唐朝京 , 雷菁 编著 | |
| 分册: | ||
| 出版信息: | 北京 电子工业出版社 2020.12 |
|
| 页数: | 232页 | |
| 开本: | 26cm | |
| 丛书名: | ||
| 单 册: | ||
| 中图分类: | TN911.2 , TN911.21 | |
| 科图分类: | ||
| 主题词: | 信息论--高等学校--教材 , 信源编码--高等学校--教材 | |
| 电子资源: | ||
| ISBN: | 978-7-121-24806-1 | |
| 000 | 01226nam0 2200337 45 | |
| 001 | 012001002598 | |
| 005 | 20211020084518.02 | |
| 010 | @a978-7-121-24806-1@dCNY36.00 | |
| 096 | @aTN911@btcj | |
| 100 | @a20150121d2015 em y0chiy50 ea | |
| 101 | 0 | @achi |
| 102 | @aCN@b110000 | |
| 105 | @ay z 000yy | |
| 106 | @ar | |
| 200 | 1 | @a信息论与编码基础@Axin xi lun yu bian ma ji chu@f唐朝京,雷菁编著 |
| 205 | @a2版 | |
| 210 | @a北京@c电子工业出版社@d2020.12 | |
| 215 | @a232页@d26cm | |
| 300 | @a工业和信息化部“十二五”规划教材 高等学校工程创新型“十二五”规划教材 电子信息科学与工程类 | |
| 300 | @a并列题名:Information theory and coding | |
| 312 | @a封面英文题名:Information theory and coding | |
| 330 | @a本书共分8章,包括信息的概念与测度,离散信源、离散信道,信源压缩编码基础,信道编码基本理论,线性分组码,常用纠错码及其应用及纠错编码新技术。 | |
| 510 | 1 | @aInformation theory and coding@zeng |
| 606 | 0 | @a信息论@x高等学校@j教材 |
| 606 | 0 | @a信源编码@x高等学校@j教材 |
| 690 | @aTN911.2@v5 | |
| 690 | @aTN911.21@v5 | |
| 701 | 0 | @a唐朝京@Atang chao jing@f(1962~)@4编著 |
| 701 | 0 | @a雷菁@Alei jing@c(女,@f1968~)@4编著 |
| 801 | 2 | @aCN@bBJSDL@c20211018 |
| 905 | @b1344471-4@dTN911.2@e392=2@f4 | |
| 信息论与编码基础/唐朝京,雷菁编著.-2版.-北京:电子工业出版社,2020.12 |
| 232页;26cm |
| 工业和信息化部“十二五”规划教材 高等学校工程创新型“十二五”规划教材 电子信息科学与工程类.-并列题名:Information theory and coding |
| ISBN 978-7-121-24806-1:CNY36.00 |
| 本书共分8章,包括信息的概念与测度,离散信源、离散信道,信源压缩编码基础,信道编码基本理论,线性分组码,常用纠错码及其应用及纠错编码新技术。 |
| ● |
| 相关链接 |
|
|
|
|
正题名:信息论与编码基础
索取号:TN911.2/392=2
 
预约/预借
| 序号 | 登录号 | 条形码 | 馆藏地/架位号 | 状态 | 备注 |
| 1 | 1344471 | 213444717 | 第二样本阅览室/ [索取号:TN911.2/392=2] | 在馆 | |
| 2 | 1344472 | 213444726 | 第三借阅区/ [索取号:TN911.2/392=2] | 在馆 | |
| 3 | 1344473 | 213444735 | 第三借阅区/ [索取号:TN911.2/392=2] | 在馆 | |
| 4 | 1344474 | 213444744 | 第三借阅区/ [索取号:TN911.2/392=2] | 在馆 |